Visualizzazione normale
Vista MARC
- Curry Patrick
di Personal Name
Records bibliografici associati: 1
001 - CONTROL NUMBER
- control field: 29802
003 - CONTROL NUMBER IDENTIFIER
- control field: IT-RoPau
005 - DATE AND TIME OF LATEST TRANSACTION
- control field: 20140615113050.0
008 - FIXED-LENGTH DATA ELEMENTS
- fixed length control field: 140615|| aca||aabn | a|a d
040 ## - CATALOGING SOURCE
- Original cataloging agency: IT-RoPau
- Transcribing agency: IT-RoPau
100 ## - HEADING--PERSONAL NAME
- Personal name: Curry Patrick
- Dates associated with a name: Codice autore SPICS: 19608
- Relator term: Autore
- Name of part/section of a work: Rise Above It
670 ## - SOURCE DATA FOUND
- Source citation: Work cat.: (IT-RoPau)99311: AA.VV. 794, Cool Runnings